| 000 | 00390nam a22001457a 4500 | ||
|---|---|---|---|
| 003 | OSt | ||
| 005 | 20240316094908.0 | ||
| 008 | 240316b |||||||| |||| 00| 0 eng d | ||
| 040 | _c | ||
| 082 |
_27 _a530/BAW _bBAW |
||
| 245 |
_aEngineering Physics II _cBawra,Swati _hEnglish |
||
| 250 | _a7 | ||
| 260 |
_bP.Jamnadas _c2020 |
||
| 942 |
_2ddc _cBK _e7 _h530 _iBAW _k530 _mBAW _n0 |
||
| 999 |
_c36048 _d36048 |
||